00773nam a2200205 a 450000100060000000300090000600800410001502000150005604000280007108200150009910000260011424502830014026000310042330000110045465000280046565000210049365000240051494200120053899900170055015369CO-ViMGA141112s2004 ck r 000 u spa d a9589289134 aCO-ViMGAbspacCO-ViMGA04aR463 S375d1 aSerna, Alberto92233310aDiccionario de terminología gramatical y otras cuestiones idiomáticas : baplicación de prefijos y sufijos, frases y locuciones latinas de uso frecuente en nuestro idioma, parejas o grupos de voces polimorfas, vocabulario de apoyo, apendice de frases y locuciones latinas. aBogotá, cIdioma, c2002 a366.p.14aDICCIONARIO - ESPAÑOL14aGRAMATICA92233414aLEXICOGRAFIA922335 2ddccBK c25706d25706